Proceedings of the ASEAN Seminar on the Management and Conservation of Biodiversity, 29 November - 1 December, 1993 Kuala Lumpur, Malaysia

Bibliographic Details
Corporate Authors: ASEAN Seminar on the Management and Conservation of Biodiversity, ASEAN Institute of Forest Management (AIFM)
Other Authors: Haron Abu Hassan , 1946-
Format: Book
Published: Kuala Lumpur : AIFM , 1994
Subjects:

MARC

LEADER 00000cam a2200000 7i4500
001 0000001455
005 20010628.0
020 0 0 |a 983999770X 
090 0 0 |a 639.90959   |b ASE 1993 
110 1 0 |a ASEAN Seminar on the Management and Conservation of Biodiversity   |k 1993   |j Kuala Lumpur 
245 1 0 |a Proceedings of the ASEAN Seminar on the Management and Conservation of Biodiversity, 29 November - 1 December, 1993 Kuala Lumpur, Malaysia   |c edited by Haron Abu Hassan ... [et al.] 
260 0 0 |a Kuala Lumpur :   |b AIFM ,   |c 1994 
300 |a viii, 264 p. :   |b maps ;   |c 30 cm. 
500 0 0 |a Includes bibliographies 
650 0 0 |a Biological diversity conservation   |z Asia, Southeastern   |x Congresses 
650 0 0 |a Biological diversity   |z Asia, Southeastern   |x Congresses 
650 0 0 |a Ecosystem management   |z Asia, Southeastern   |x Congresses 
650 0 0 |a Forest dynamics   |z Asia, Southeastern   |x Congresses 
650 0 0 |a Forest ecology   |z Asia, Southeastern   |x Congresses 
700 0 1 |a Haron Abu Hassan ,   |c 1946- 
710 1 1 |a ASEAN Institute of Forest Management (AIFM) 
998 |a JPSM 
999 |a 0000002500   |b Monograph   |c Open Shelf   |e Default branch